000 00953nam a22002895 4500
001 120764
003 ES-MaBCM
005 20241016143602.0
008 051212s2005 esp spa d
017 _aAS.2517-2005
020 _a84-8317-497-9
021 _axx
035 _a(OCoLC)1308644430
040 _cES-MaBCM
080 _a342.4(4-672 UE)
100 1 _aHerrero de Miñón, Miguel
_922030
245 0 0 _aRiesgos colaterales de la Constitución europea
_cMiguel Herrero de Miñón
260 _a[Oviedo] :
_bUniversidad de Oviedo,
_c[2005]
300 _a73 p.
_c17 cm
440 0 _aPapeles del Aula Magna
_9108589
_v12
500 _aConferencia impartida por Miguel Herrero de Miñón en el Aula Magna de la Universidad de Oviedo el 29 de marzo de 2005
650 7 _aDerecho constitucional
_958302
650 2 7 _aConstitución
_958077
650 2 4 _aUnión Europea
_952895
710 2 _aUniversidad de Oviedo
_953040
942 _cBK
999 _c120764
_d120764